| 000 | 00616nam a22001697a 4500 | ||
|---|---|---|---|
| 003 | MACL | ||
| 005 | 20160607121513.0 | ||
| 008 | 160607b xxu||||| |||| 00| 0 eng d | ||
| 040 | _cMACL | ||
| 041 | _aHindi | ||
| 082 | _a920 SHA | ||
| 100 |
_aशर्मा, विश्वमित्र _949956 |
||
| 245 |
_aनोबेल-पुरस्कार-सम्मानित भारतीय _cविश्वमित्र शर्मा |
||
| 260 |
_aनई दिल्ली _bनया साहित्य _c2010 |
||
| 650 |
_aजीवनीयॉ _962556 |
||
| 942 |
_2ddc _cHIN |
||
| 999 |
_c54227 _d54227 |
||